000 01025nas a2200349 4500
001 BR0304535
003 BR-BrBNA
005 20231205104044.0
007 ta
008 230509b bl.|||p| |||| 00| 00por d
040 _aBR-BrBNA
_bpor
_cBiblioteca Nacional de Agricultura
041 _a(En)
072 _aP40
100 1 _aMeireles, E.J.L.
100 1 _aPereira, A.R.
100 1 _aSentelhas, P.C.
100 1 _aStone, L.F.
100 1 _aZimmermann, F.J.P.
245 1 _aCalibration tes of the CROPGRO-dry bean model for edaphoclimatic conditions in the savanas of Central Brazil
650 _aFEIJÃO
650 _aSIMULAÇÃO
650 _aPRODUTIVIDADE
650 _aÁREA FOLIAR
650 _aMATÉRIA SECA
650 _aMATURAÇÃO
650 _aADUBAÇÃO
650 _aCONDIÇÃO AMBIENTAL
650 _aCENTRAL
773 0 _tScientia Agrícola (Brazil)
_xISSN 0103-9016
_g(Oct-Dec 2002), v. 59(4) p. 723-729
_wBR0304535
909 _a202311
_bLúcia
_c55
_dLúcia Elande
942 _2AGRIS
_n0
_cANA
999 _c176107
_d176107